भारत का विभाजन अंतःकथा (Record no. 1466516)

MARC details
000 -LEADER
fixed length control field 01027 a2200241 4500
005 - DATE AND TIME OF LATEST TRANSACTION
control field 20260305172323.0
008 - FIXED-LENGTH DATA ELEMENTS--GENERAL INFORMATION
fixed length control field 260112b |||||||| |||| 00| 0 eng d
020 ## - INTERNATIONAL STANDARD BOOK NUMBER
International Standard Book Number 9788126318513
037 ## - SOURCE OF ACQUISITION
Terms of availability TB
040 ## - CATALOGING SOURCE
Original cataloging agency CRL
Transcribing agency CRL
041 ## - LANGUAGE CODE
Source of code hin
Language code of text/sound track or separate title hin
084 ## - COLON CLASSIFICATION NUMBER
Classification number V2:51.N5 152R0
Assigning agency CRL
100 ## - MAIN ENTRY--PERSONAL NAME
Personal name प्रियंवद
9 (RLIN) 859332
245 ## - TITLE STATEMENT
Title भारत का विभाजन अंतःकथा
250 ## - EDITION STATEMENT
Edition statement संस्करण 5
260 ## - PUBLICATION, DISTRIBUTION, ETC.
Place of publication, distribution, etc. नई दिल्ली, भारत:
Name of publisher, distributor, etc. भारतीय ज्ञानपीठ,
Date of publication, distribution, etc. 2020.
300 ## - PHYSICAL DESCRIPTION
Extent 590पृ.
365 ## - TRADE PRICE
Price amount 700.00
Currency code INR
650 ## - SUBJECT ADDED ENTRY--TOPICAL TERM
Topical term or geographic name entry element इतिहास
9 (RLIN) 863868
650 ## - SUBJECT ADDED ENTRY--TOPICAL TERM
Topical term or geographic name entry element भारत इतिहास
9 (RLIN) 863869
942 ## - ADDED ENTRY ELEMENTS (KOHA)
Koha item type Textbook
Source of classification or shelving scheme Colon Classification (CC)
Suppress in OPAC No
Edition संस्करण 5
Classification part V2:51.N5 152R0
Holdings
Withdrawn status Lost status Source of classification or shelving scheme Damaged status Not for loan Home library Current library Date acquired Source of acquisition Cost, normal purchase price Inventory number Total Checkouts Full call number Barcode Date last seen Cost, replacement price Price effective from Koha item type Public note
    Colon Classification (CC)     Central Library Central Library 2026-01-08 4/ क्लासिक बुक सर्विस 490.00 166 & 2026-01-06   V2:51.N5 152R0 CL1925243 2026-01-08 700.00 2026-01-08 Textbook Centre for Indendence and Partition Studies
Copyright @ Delhi University Library System